Ya wang su long mei la mu da chuan qi = Hikayat Awang Sulung Merah Muda (Record no. 123520)

MARC details
000 -LEADER
fixed length control field 00760nam a2200241 i 4500
001 - CONTROL NUMBER
control field C2-0323437
003 - CONTROL NUMBER IDENTIFIER
control field PPAK
005 - DATE AND TIME OF LATEST TRANSACTION
control field 20180728122031.0
008 - FIXED-LENGTH DATA ELEMENTS--GENERAL INFORMATION
fixed length control field 131027s2013 my |||| ||||| | chi d
020 ## - INTERNATIONAL STANDARD BOOK NUMBER
International Standard Book Number 9789830689142
040 ## - CATALOGING SOURCE
Original cataloging agency PPAK
Language of cataloging eng
Transcribing agency PPAK
Description conventions rda
082 04 - DEWEY DECIMAL CLASSIFICATION NUMBER
Classification number 899.233
Edition number 23
090 00 - LOCALLY ASSIGNED LC-TYPE CALL NUMBER (OCLC); LOCAL CALL NUMBER (RLIN)
Classification number (OCLC) (R) ; Classification number, CALL (RLIN) (NR) 899.233
Feature heading PAW
Feature heading K
100 0# - MAIN ENTRY--PERSONAL NAME
Personal name Pawang Ana Raja Haji Yahaya,
Relator term author
245 10 - TITLE STATEMENT
Title Ya wang su long mei la mu da chuan qi = Hikayat Awang Sulung Merah Muda
264 #1 - PRODUCTION, PUBLICATION, DISTRIBUTION, MANUFACTURE, AND COPYRIGHT NOTICE
Place of production, publication, distribution, manufacture Kuala Lumpur :
Name of producer, publisher, distributor, manufacturer Institut Terjemahan & Buku Malaysia Berhad ,
Date of production, publication, distribution, manufacture, or copyright notice 2013
300 ## - PHYSICAL DESCRIPTION
Extent xvi, 144 pages ;
Dimensions 23 cm
336 ## - CONTENT TYPE
Source rdacontent
Content type term text
337 ## - MEDIA TYPE
Source rdamedia
Media type term unmediated
338 ## - CARRIER TYPE
Source rdacarrier
Carrier type term volume
650 10 - SUBJECT ADDED ENTRY--TOPICAL TERM
Topical term or geographic name entry element Malay fictions - Translations into ChinesE
942 ## - ADDED ENTRY ELEMENTS (KOHA)
-- dc
Koha item type Book
Holdings
Withdrawn Not for loan Current library Shelving location Date acquired Total Checkouts Total Renewals Full call number Barcode Date last seen Date last checked out Koha item type
    Perpustakaan Alor Setar Pinjaman Kanak-kanak 10/11/2013 2 1 K 899.233 PAW A01417029 07/03/2024 28/02/2024 Book